00281nam a2200121Ia 4500008004100000041000800041082001200049100002200061245001100083260003300094300002400127365000800151240624s9999 xx 000 0 und d aeng a823 FOR aFORSYTH FREDERICK aAFGHAN c2006aNew DelhibCorgi Books a349 : p. : cm. ; 18 cBPS